Music Quiz

Random Music or Missing Word Quiz

Commonest English Words...In Hit Songs Quiz Stats

 Plays Quiz Updated Jun 14, 2015

Challenge
Share
Tweet
Embed
Score 0/100 Timer 09:00
5 Plays Today
Song Missing Word % Correct
Highway ____ Hellto
98.6%
I Walk ____ Linethe
98.2%
____ Kissed a GirlI
96.9%
It Must ____ Been LoveHave
96.2%
Dazed ____ Confusedand
96.1%
Rolling ____ the Deepin
95.9%
____ or Without YouWith
95.7%
Let It ____Be
95.5%
Breakfast ____ Tiffany'sat
94.7%
How to Save ____ Lifea
94.4%
Paint ____ BlackIt
94.2%
Stand ____ Meby
94.1%
Sad ____ Truebut
93.2%
Got My Mind Set on ____You
92.7%
Somebody ____ I Used to KnowThat
92.7%
One Way ____ Anotheror
92.1%
Another ____ Bites the DustOne
91.8%
Before ____ CheatsHe
91.2%
Come ____ You Areas
90.4%
My Heart ____ Go OnWill
90.2%
They Don't Care ____ UsAbout
89.6%
Losing ____ ReligionMy
89.2%
____ I Were a BoyIf
89.2%
We're ____ Gonna Take ItNot
88.9%
U Can't Touch ____This
88.7%
____ Didn't Start the FireWe
88.2%
Every Breath You ____Take
88.1%
The Man ____ Sold the WorldWho
87.8%
Send Me ____ Angelan
87.1%
Tears Dry on ____ OwnTheir
86.3%
I Can ____ Clearly NowSee
85.6%
____ You Feel the Love TonightCan
85.3%
It's the Most Wonderful Time of the ____Year
84.9%
Hey ____ DelilahThere
84.9%
Song Missing Word % Correct
More ____ a FeelingThan
84.2%
Pretty Fly (____ a White Guy)For
84.2%
God ____ KnowsOnly
83.7%
Bridge ____ Troubled Waterover
83.4%
Take ____ Meon
83.4%
____ Me SmileMake
83%
____ Your Own WayGo
82.9%
____ Deep Is Your LoveHow
82.2%
____ My NameSay
82.2%
All I ____ for Christmas Is YouWant
80.9%
The Times ____ Are a-Changin'They
80.6%
____ Way You Goin' Billy?Which
80.5%
Every Rose Has ____ ThornIts
79.7%
Pumped ____ KicksUp
79.3%
Us and ____Them
79%
Time ____ TimeAfter
78.7%
Walk ____ Lifeof
78.5%
Englishman in ____ YorkNew
78.3%
____ Boots Are Made for Walkin'These
78.3%
Walk This ____Way
78.2%
So Happy I ____ DieCould
77.8%
____ I've DoneWhat
77.7%
____ Doves CryWhen
77.3%
My Life ____ Suck Without YouWould
76.1%
You ____ Love a Bad NameGive
75.6%
Somewhere Only We ____Know
74.9%
____ a PrayerLike
74.3%
I ____ We're Alone NowThink
73.2%
Love Me ____Do
72.7%
Never Tear ____ ApartUs
72.4%
Another ____ in ParadiseDay
71.7%
Bring ____ to LifeMe
71.3%
____ Along the WatchtowerAll
71.2%
What Hurts the ____Most
68%
Song Missing Word % Correct
Feels Like the ____ TimeFirst
67.4%
____ He Kissed MeThen
67%
Kiss ____ a Rosefrom
66.4%
Death and All ____ FriendsHis
65.7%
I Bet You ____ Good On the DancefloorLook
64.8%
Feel ____ Inc.Good
64.2%
____ LuckyGet
63.1%
Sunshine of ____ LoveYour
62.7%
You Wear It ____Well
62.4%
Love ____ MadlyHer
61.1%
____ WolfShe
60.4%
____ Way You Want ItAny
60.1%
____ WhatSo
59.2%
I Used to Love ____Him
56.7%
I Want You ____Back
54.7%
Crash ____ MeInto
54.7%
When I ____ AroundCome
54.6%
____ HouseOur
52.7%
____ Like HeavenJust
51%
____ Might SaySome
48.7%
Hold Me ____Now
47.8%
____ SomebodyUse
43.4%
Ain't No ____ ManOther
42.5%
Everyday ____People
39.5%
____ FlowEven
34.1%
Shake It ____Out
32%
____ OneNo
30.2%
The Sun ____ SetsAlso
28.2%
____ TribesTwo
25.1%
____ the NightBecause
24.3%
____ to PretendTime
23.5%
____ ItWork
21.6%

You're not logged in!

Compare scores with friends on all Sporcle quizzes.
Join for Free
OR
Log In

You Might Also Like...

Show Comments

Extras

Top Quizzes Today


Score Distribution

Your Account Isn't Verified!

In order to create a playlist on Sporcle, you need to verify the email address you used during registration. Go to your Sporcle Settings to finish the process.

Report this User

Report this user for behavior that violates our Community Guidelines.

Details: